000 00395cam a2200169 4500
001 D6329
008 090401t1983 xxu||||| |||| 00| 0 eng d
035 _a(Sirsi) u281
041 _aeng
050 _a333.33025
245 _aKemps property industry year book 1983
260 _aBirmingham
_bKemps Group
_c1983
300 _a488p. 21cm
350 _a17.5
942 _n0
948 _c04/03/1997
999 _c85517
_d85517